|
|
|
|
| LEADER |
00996nam a2200253 a 4500 |
| 001 |
4325595 |
| 008 |
100118s1986 bg a b 001 0 eng d |
| 010 |
|
|
|a \\\87900643
|
| 040 |
|
|
|a DLC
|c DLC
|d DLC
|d BD-DhAAL
|
| 082 |
0 |
0 |
|a 332.1/09549/2
|2 19
|
| 100 |
1 |
|
|a Taheruddin, M.
|
| 245 |
1 |
0 |
|a Essays on banking and development /
|c M. Taheruddin.
|
| 260 |
|
|
|a Dhaka :
|b Academic Publishers,
|c 1986.
|
| 300 |
|
|
|a vii, 148 p. :
|b ill. ;
|c 22 cm.
|
| 500 |
|
|
|a Spine title: Banking and development in Bangladesh.
|
| 504 |
|
|
|a Includes bibliographies and index.
|
| 541 |
1 |
|
|e 00008385
|
| 650 |
|
0 |
|a Banks and banking
|z Bangladesh.
|
| 650 |
|
0 |
|a Bank management
|z Bangladesh.
|
| 650 |
|
0 |
|a Rural development
|z Bangladesh.
|
| 740 |
0 |
|
|a Banking and development in Bangladesh.
|
| 852 |
4 |
|
|a Ayesha Abed Library
|j General shelf
|
| 999 |
|
|
|c 7044
|d 7044
|
| 952 |
|
|
|0 0
|1 0
|2 ddc
|4 0
|6 332_109549200000000_TAH_1986
|7 0
|9 7307
|a BRACUL
|b BRACUL
|c GEN
|d 2010-01-19
|l 2
|m 1
|o 332.1095492 TAH
|p 3010008385
|r 2010-12-20
|s 2010-10-05
|t 1
|w 2010-01-19
|y BK
|